00762nam a2200229Ia 450000500170000000800410001702000150005808200080007310000200008124500680010126001160016930000130028565000110029865000140030965000130032365000130033670000310034970000320038094200060041295200990041899900150051720240403031253.0240331s9999 xx 000 0 und d a9994691813 bDED aUpreti,B.R.. ed 0aDedicated to people suffering from small arms and light weapons aNepal :bSouth Asia Small Arms Network / c2006 . a177 p ., aSocial aPolitical aEconomic aCultural aUpreti, Raj Bishu Dreedt aNepali, Kumar Rohit Dreedt cL 001040708LaWERCLbWERCLcSSCd2024-03-31l0o 328.346 DEDp5954r2024-03-31w2024-03-31yL c2304d2304